Loading...

സമകാലിക മലയാളം വാരിക 2016 സെപ്തംബര്‍ - ഒക്ടോബര്‍ /

Bibliographic Details
Format: Printed Book
Language:English
LEADER 00405nam a22000977a 4500
008 170724b xxu||||| |||| 00| 0 eng d
999 |c 19537  |d 19537 
245 |a സമകാലിക മലയാളം വാരിക 2016 സെപ്തംബര്‍ - ഒക്ടോബര്‍ / 
300 |a p. 
942 |2 ddc  |c BK 
952 |0 0  |1 0  |2 ddc  |4 0  |7 0  |9 27194  |a MAIN  |b MAIN  |d 2017-07-26  |l 1  |p 28153  |r 2017-10-17  |s 2017-09-15  |w 2017-07-26  |y BK